La función legislativa de los parlamentos y la técnica de legislar abril 1988 (Record no. 156681)

MARC details
000 -LEADER
fixed length control field 00845nam a22002177a 4500
005 - DATE AND TIME OF LATEST TRANSACTION
control field 20210702120933.0
008 - FIXED-LENGTH DATA ELEMENTS--GENERAL INFORMATION
fixed length control field 210701b sp ||||| |||| 00| 0 spa d
020 ## - INTERNATIONAL STANDARD BOOK NUMBER
International Standard Book Number 8479431393
050 04 - LIBRARY OF CONGRESS CALL NUMBER
Classification number KKT2516.A67
Item number F86 1988
111 1# - MAIN ENTRY--MEETING NAME
Meeting name or jurisdiction name as entry element Jornadas de derecho parlamentario
Number of part/section/meeting (3er :
Date of meeting 7 y 8 de abril de 1988)
245 13 - TITLE STATEMENT
Title La función legislativa de los parlamentos y la técnica de legislar abril 1988
Statement of responsibility, etc / coordinador Manuel Cavero Gómez
250 ## - EDITION STATEMENT
Edition statement 1a ed.
260 ## - PUBLICATION, DISTRIBUTION, ETC. (IMPRINT)
Place of publication, distribution, etc Madrid :
Name of publisher, distributor, etc Publicaciones del Congreso de los Diputados,
Date of publication, distribution, etc 1988
300 ## - PHYSICAL DESCRIPTION
Extent 154 p. ;
Dimensions 21 cm.
490 0# - SERIES STATEMENT
Series statement Monografías ;
Volume number/sequential designation no. 44
504 ## - BIBLIOGRAPHY, ETC. NOTE
Bibliography, etc Incluye bibliografías
650 #7 - SUBJECT ADDED ENTRY--TOPICAL TERM
Source of heading or term lemb
Topical term or geographic name as entry element Practica parlamentaria
Form subdivision Congresos
Geographic subdivision España
650 #7 - SUBJECT ADDED ENTRY--TOPICAL TERM
Source of heading or term lemb
Topical term or geographic name as entry element Proyectos de ley
Form subdivision Congresos
General subdivision Redacción
Geographic subdivision España
700 1# - ADDED ENTRY--PERSONAL NAME
Personal name Cavero Gómez, Manuel
Relator term coordinador
942 ## - ADDED ENTRY ELEMENTS (KOHA)
Source of classification or shelving scheme Biblioteca del Cogreso de los Estados Unidos
Koha item type Libro
Holdings
Estado de pérdida Fuente de clasificación Estado del daño No para préstamo Ubicación permanente Ubicación actual Apartado o colección Fecha de adquisición Edición Dependencia de educación superior (DES) Área del conocimiento Total Checkouts Clasificación Código de Barras Date last seen Número de copia Costo por reposición Tipo de recurso
  Biblioteca del Cogreso de los Estados Unidos     Biblioteca del Posgrado en Derecho Biblioteca del Posgrado en Derecho Colección Ernesto Villanueva 01/07/2021 1a ed. Derecho Ciencias Sociales y Administrativas   KKT2516.A67 F86 1988 BPD000001751 01/07/2021 1 1.00 Libro